Giáo dục học mầm non T.2
Shranjeno v:
| Drugi avtorji: | , |
|---|---|
| Format: | Knjiga |
| Jezik: | Vietnamese |
| Izdano: |
Hà Nội
Đại học sư phạm
2004
|
| Izdaja: | Tái bản lần thứ 3 |
| Teme: | |
| Oznake: |
Označite
Brez oznak, prvi označite!
|
| Thư viện lưu trữ: | Trung tâm Học liệu Lê Vũ Hùng, Trường Đại học Đồng Tháp |
|---|
| LEADER | 00834pam a22002778a 4500 | ||
|---|---|---|---|
| 001 | 00024703 | ||
| 008 | 110722s2004 ||||||viesd | ||
| 005 | 20171026081023.0 | ||
| 041 | 0 | # | |a vie |
| 082 | 1 | # | |a 372.21 |b GI108D |
| 245 | 0 | 0 | |a Giáo dục học mầm non |c Đào Thanh Âm ch.b...[et al.] |n T.2 |
| 250 | # | # | |a Tái bản lần thứ 3 |
| 260 | # | # | |a Hà Nội |b Đại học sư phạm |c 2004 |
| 300 | # | # | |a 223tr. |c 21 cm. |
| 650 | |a Giáo dục học | ||
| 650 | |a Giáo trình | ||
| 650 | |a Mẫu giáo | ||
| 650 | |a Mầm non | ||
| 700 | 1 | # | |a Nguyễn Thị Hòa |
| 700 | 1 | # | |a Trịnh Dân |
| 852 | # | # | |b Kho đọc |j KD.0010256 |
| 852 | # | # | |j KD.0010256 |
| 910 | # | # | |a Ntuyet |d 22/07/2011 |
| 980 | # | # | |a Trung tâm Học liệu Lê Vũ Hùng, Trường Đại học Đồng Tháp |